Language Quiz

Random Language Quiz

Rhymes with Boo Quiz Stats

 Plays Quiz not verified by Sporcle

Also try: Rhymes with 'Pop'
Challenge
Share
Tweet
Embed
Score 0/62 Timer 10:00
0 Plays Today
Rhymes with boo % Correct
blue
95.8%
to
95.4%
crew
95.2%
zoo
95.2%
clue
95%
stew
95%
new
94.8%
brew
94.6%
slew
94.2%
too
94%
grew
93.7%
do
92.9%
drew
92.3%
glue
91.5%
moo
91.2%
goo
90.8%
jew
90.8%
chew
90.4%
you
90%
woo
89.2%
few
88.7%
rue
88.7%
spew
88.5%
flew
88.1%
true
86.5%
hue
86.3%
shoe
83.7%
who
83.7%
coo
83.1%
sue
82.7%
dew
82.5%
Rhymes with boo % Correct
view
79.2%
two
79%
flu
78.5%
hew
77.9%
skew
76.3%
due
75.8%
mew
75.8%
pooh or poo
75.8%
blew
73.7%
screw
72.7%
shoo
72.5%
strew
70.8%
through
70.6%
pew
70.4%
knew
70.2%
flue
67.3%
cue
66.3%
shrew
60.6%
ewe
57.1%
threw
55%
gnu
53.3%
queue
53.1%
lieu
51.9%
yew
51.5%
slue
40%
coup
30.2%
whew
24.8%
slough
23.8%
sprue
13.7%
hugh
12.1%
sioux
8.8%

You're not logged in!

Compare scores with friends on all Sporcle quizzes.
OR
Log In

You Might Also Like...

Show Comments

Extras

Created Feb 11, 2017ReportNominate
Tags:boo, One-syllable, rhyme, Rhymes With

Top Quizzes Today


Score Distribution

Your Account Isn't Verified!

In order to create a playlist on Sporcle, you need to verify the email address you used during registration. Go to your Sporcle Settings to finish the process.

Report this User

Report this user for behavior that violates our Community Guidelines.

Details: